00461nam a22001457a 450000500170000000800410001702000150005804100130007308200150008610000390010124500690014026000460020930000340025565000260028920231101134431.0231101b |||||||| |||| 00| 0 eng d a0702128198 aEnglish  a346.7 GRO  aGrove, NJ and Jacobs, L lEnglish  aBasic Principles of Consumer Credit Law /cNJ Grove and L Jacobs aCape Town : bJuta and Company Ltd,c1993 bxvi, 112 pages ; c25, 5 cm.  aLegal practice bLaw